000 00829cam a2200253 4500
001 J122350.
008 030521n2003 000 0 eng u
035 _a(Sirsi) u122350
041 _aeng
050 _a333.33025
100 _aAlcon, Daniel
245 _aRICS United Arab Emirates Group Extraordinary General Meeting
260 _aAbu Dhabi
_bRICS
_c2003
520 _aMinutes of the Extraordinary General Meeting of the RICS United Arab Emirates Group held in Abu Dhabi on 7 May 2003.
650 _aABU DHABI
650 _aDUBAI
650 _aRICS
650 _aRICS UNITED ARAB EMIRATES GROUP
650 _aRICS UNITED ARAB EMIRATES GROUP EGM
650 _aUNITED ARAB EMIRATES
690 _aRICS NEWS
710 _aRoyal Institution of Chartered Surveyors
_bUnited Arab Emirates Group
_92781
942 _n0
999 _c102832
_d102832